How Many Rhode Islands - USA Edition Quiz Stats

 Plays Quiz not verified by Sporcle

Challenge
Share
Tweet
Score 0/50 Timer 15:00
0 Plays Today
% Correct
RI (1)
73.5%
AK (424.9)
70.6%
CA (105.97)
61.8%
TX (173.86)
58.8%
CT (3.59)
52.9%
DE (1.61)
44.1%
NV (71.57)
38.2%
NH(6.05)
38.2%
VT (6.22)
38.2%
MD (8.03)
32.4%
MT (95.18)
32.4%
WV (15.68)
32.4%
NM (78.71)
29.4%
MA (6.83)
26.5%
WY (63.32)
26.5%
IN (23.57)
23.5%
MO (45.12)
23.5%
PA (29.81)
23.5%
UT (54.96)
23.5%
AZ (73.8)
20.6%
IL (37.49)
20.6%
KY (26.16)
20.6%
LA (33.56)
20.6%
ME (22.91)
20.6%
ND (45.77)
20.6%
% Correct
SC (20.72)
20.6%
TN (27.28)
20.6%
CO (67.38)
17.6%
KS (53.26)
17.6%
NE (50.07)
17.6%
OH (29.02)
17.6%
SD (49.92)
17.6%
WA (46.15)
17.6%
WI (42.4)
17.6%
AL (33.93)
14.7%
AR (34.42)
14.7%
FL (38.83)
14.7%
HI (4.18)
14.7%
NJ(5.65)
14.7%
NY (35.26)
14.7%
NC (34.09)
14.7%
IA (36.43)
11.8%
MS (31.35)
11.8%
OK (45.25)
11.8%
VA (27.68)
11.8%
GA (38.48)
8.8%
ID (54.1)
8.8%
MI (62.66)
8.8%
MN (56.28)
8.8%
OR (63.68)
8.8%

You're not logged in!

Compare scores with friends on all Sporcle quizzes.
Join for Free
OR
Log In

You Might Also Like...

Show Comments

Extras

Top Quizzes Today


Score Distribution

Your Account Isn't Verified!

In order to create a playlist on Sporcle, you need to verify the email address you used during registration. Go to your Sporcle Settings to finish the process.

Report this User

Report this user for behavior that violates our Community Guidelines.

Details: